Sino-Soviet military relations /

Bibliographic Details
Main Author: Garthoff, Raymond L.
Format: Book
Language:English
Published: New York : F. A. Praeger, [1966]
Subjects:

MARC

Tag First Indicator Second Indicator Subfields
LEADER 00000cam a22000001 4500
001 in00000056440
005 20151007081946.0
008 731212s1966 nyu b 00010 eng
010 |a  66018900  
035 |a (OCoLC)00410938 
035 |9 AAF7162AM 
040 |a DLC  |c DLC  |d TXA  |d UtOrBLW 
043 |a a-cc---  |a e-ur--- 
049 |a TXAM  |c [424640] 
050 0 0 |a DS740.5.R8  |b G3 
082 0 |a 327.47051 
092 |a 327.47  |b G244s 
100 1 |a Garthoff, Raymond L. 
245 1 0 |a Sino-Soviet military relations /  |c edited by Raymond L. Garthoff. 
264 1 |a New York :  |b F. A. Praeger,  |c [1966] 
300 |a xii, 285 pages ;  |c 22 cm. 
336 |a text  |b txt  |2 rdacontent 
337 |a unmediated  |b n  |2 rdamedia 
338 |a volume  |b nc  |2 rdacarrier 
500 |a "Library copy identical to one formerly in the Hazard Reduction and Recovery Center (HRRC) Library." 
504 |a Bibliographical references included in "Notes" (pages 253-270) "Bibliographical note": page 271. 
651 0 |a China  |x Military relations  |z Soviet Union. 
651 0 |a Soviet Union  |x Military relations  |z China. 
999 |a MARS 
999 f f |s 681f159b-6281-3ab8-992d-318880a537df  |i 20c4a4a8-9759-3224-985c-fed450c52b68  |t 0 
952 f f |p ric  |a Texas A&M University  |b Rellis Campus  |c Joint Library Facility  |s JLF  |d Remote Storage  |t 0  |e DS740.5.R8 G3  |h Library of Congress classification  |i unmediated -- volume  |m A14828919903 
998 f f |a DS740.5.R8 G3  |t 0  |l Remote Storage